| 000 | 01154nam a22002895i 4500 | ||
|---|---|---|---|
| 001 | 169219 | ||
| 003 | ES-MaACL | ||
| 005 | 20230906214030.0 | ||
| 008 | 002008s2003 sp |||| | spa | | ||
| 020 | _a84-7664-811-1 | ||
| 080 | _a77(083.824) | ||
| 100 | 1 |
_aCartier-Bresson, Henri. _935901 |
|
| 245 | 1 | 0 |
_aAl gust de Cartier-Bresson / _cexposició producïda i organitzada per la Fundació HCB i la Fundació "la Caixa" = exposición producida y organizada por la Fundación HCB y la Fundación "la Caixa". |
| 246 | 3 | _aAl gusto de Cartier-Bresson | |
| 260 |
_aBarcelona : _bFundació "la Caixa", _c2003. |
||
| 300 |
_a127 p. : _bprincipalmente fot. ; _c21 x 21 cm. |
||
| 546 | _aTexto en catalán y castellano. | ||
| 600 | 1 | 4 |
_aCartier-Bresson, Henri- _vExposiciones. _9138298 |
| 650 | 4 |
_aFotografía- _yS.XX- _vExposiciones. _9173150 |
|
| 650 | 4 |
_aFotografía- _zFrancia- _vExposiciones. _9173516 |
|
| 655 | 7 |
_2tgfbne _9193628 _aCatálogos de exposiciones |
|
| 710 | 2 |
_aFundación Henri Cartier-Bresson. _9138299 |
|
| 710 | 2 |
_aFundació "la Caixa" _9173255 |
|
| 852 | 4 |
_aES-MaACL _jL-29555 |
|
| 942 | _2udc | ||
| 999 |
_c169219 _d169219 |
||